ბათუმის შოთა რუსთაველის სახელმწიფო უნივერსიტეტის ბიბლიოთეკა

Clinical Interventions for Counseling Children and Adolescents: (ბიბ.ჩანაწერი № 59813)

000 -LEADER
fixed length control field 00761nam a22001937a 4500
003 - CONTROL NUMBER IDENTIFIER
control field Ge_BSU
005 - DATE AND TIME OF LATEST TRANSACTION
control field 20230424105307.0
008 - FIXED-LENGTH DATA ELEMENTS--GENERAL INFORMATION
fixed length control field 230424s2018 enk||||| |||| 00| 0 eng d
020 ## - INTERNATIONAL STANDARD BOOK NUMBER
International Standard Book Number 9781981855926
080 ## - UNIVERSAL DECIMAL CLASSIFICATION NUMBER
Universal Decimal Classification number 37.013.77+159.9 C-86
100 ## - MAIN ENTRY--PERSONAL NAME
Personal name Cox, Chandler
9 (RLIN) 17743
245 ## - TITLE STATEMENT
Title Clinical Interventions for Counseling Children and Adolescents:
Remainder of title A Toolbox for School-Based Therapists & School Counselors. Volume 1 /
Statement of responsibility, etc. Chandler Cox, Jennifer Jordan.
264 ## - PRODUCTION, PUBLICATION, DISTRIBUTION, MANUFACTURE, AND COPYRIGHT NOTICE
Date of production, publication, distribution, manufacture, or copyright notice 2018.
300 ## - PHYSICAL DESCRIPTION
Extent 164 p. :
Other physical details ill.;
Dimensions 23 cm.
653 ## - INDEX TERM--UNCONTROLLED
keyword კლინიკური ინტერვენციები ბავშვებისა და მოზარდებში
653 ## - INDEX TERM--UNCONTROLLED
keyword თერაპია
700 ## - ADDED ENTRY--PERSONAL NAME
Personal name Jordan, Jennifer
9 (RLIN) 17744
942 ## - ADDED ENTRY ELEMENTS (KOHA)
Source of classification or shelving scheme
Koha item type წიგნი
ეგზემპლარები
Withdrawn status Lost status Source of classification or shelving scheme Damaged status Not for loan Permanent Location Current Location Shelving location Date acquired Cost, normal purchase price Full call number Barcode Date last seen Copy number Price effective from Koha item type Public note
          ბათუმის შოთა რუსთაველის სახელმწიფო უნივერსიტეტის მთავარი ბიბლიოთეკა ბათუმის შოთა რუსთაველის სახელმწიფო უნივერსიტეტის მთავარი ბიბლიოთეკა წიგნსაცავი 2023-04-24 120.00 37.013.77+159.9 C-86 29398 2023-04-24 29398 2023-04-24 წიგნი 120 ლ.